000 00286nam a22001337a 4500
008 170918b xxu||||| |||| 00| 0 eng d
020 _a9788485041701
041 _aeng
080 _a7
100 _a44
101 _aART
245 _aTHE KEY TO THE PRADO
_cTENA,C.L
942 _2udc
_cBK
999 _c28019
_d28019